Movie Titles in Spanish Quiz Stats

 Plays Quiz not verified by Sporcle

Score 0/20 Timer 07:00
0 Plays Today
Spanish Title Movie % Correct
El Rey LeónThe Lion King
84.9%
Distrito 9District 9
83.1%
El mago de Oz The Wizard of Oz
83.1%
Buscando a Nemo Finding Nemo
81.3%
Harry Potter y el cáliz de fuegoHarry Potter and the Goblet of Fire
76.9%
El silencio de los corderosThe Silence of the Lambs
75.8%
Indiana Jones y la última cruzada Indiana Jones: The Last Crusade
74.2%
Alicia en el País de las MaravillasAlice in Wonderland
70.5%
El PadrinoThe Godfather
69.2%
Piratas del Caribe: El cofre del hombre muertoPirates of the Caribbean: Dead Man's Chest
67.2%
Spanish Title Movie % Correct
No es país para viejos No Country for Old Men
57%
Cantando bajo la lluvia Singin' in the Rain
51.8%
El señor de los anillos: La comunidad del anilloLord of the Rings: The Fellowship of the Ring
45.8%
El caballero oscuro The Dark Knight
41.4%
Matar a un ruiseñorTo Kill a Mockingbird
34.2%
OrigenInception
29.2%
CrepúsculoTwilight
21.6%
Los caballeros de la mesa cuadrada y sus locos seguidores Monty Python and the Holy Grail
12.5%
FaucesJaws
12.2%
Olvídate de mí! Eternal Sunshine of the Spotless Mind
4.7%

You're not logged in!

Compare scores with friends on all Sporcle quizzes.
OR
Log In

Show Comments

Extras

Top Quizzes Today


Score Distribution

Your Account Isn't Verified!

In order to create a playlist on Sporcle, you need to verify the email address you used during registration. Go to your Sporcle Settings to finish the process.

Report this User

Report this user for behavior that violates our Community Guidelines.

Details: